[Event "POR-chT"]
[Site "Sao Joao da Madeira"]
[Date "2023.07.22"]
[Round "8.5"]
[White "Korneev, Oleg"]
[Black "Silva, Stephane"]
[Result "1-0"]
[WhiteElo "2474"]
[BlackElo "2006"]
[PlyCount "77"]
[EventDate "2023.07.17"]
[EventType "team-tourn"]
[EventRounds "9"]
[EventCountry "POR"]
[SourceTitle "CBM 215 Extra"]
[Source "ChessBase"]
[SourceDate "2023.09.30"]
[SourceVersion "1"]
[SourceVersionDate "2023.09.30"]
[SourceQuality "1"]
[WhiteTeam "EPGaia"]
[BlackTeam "Tessera"]
[WhiteTeamCountry "POR"]
[BlackTeamCountry "POR"]

1. e4 e6 2. d4 d5 3. Nd2 dxe4 4. Nxe4 Bd7 5. Nf3 Bc6 6. Bd3 Nd7 7. 0-0 Ngf6 8. Ng3 g6 9. Re1 Bg7 10. h4 h5 11. Ng5 0-0 12. c3 Re8 13. Bf4 Nf8 14. Qc2 b6 15. a4 a5 16. Rad1 Qd7 17. b3 Rad8 18. Be5 Ng4 19. Bxg7 Kxg7 20. f3 Nf6 21. Bf1 Bb7 22. Bb5 c6 23. Bf1 Qc7 24. N3e4 c5 25. Nxf6 Kxf6 26. Bb5 Re7 27. Qf2 cxd4 28. Rxd4 Kg7 29. Red1 Rxd4 30. Qxd4+ e5 31. Qd6 Qxd6 32. Rxd6 f6 33. Ne4 Bxe4 34. fxe4 Re6 35. Rd8 f5 36. b4 axb4 37. cxb4 fxe4 38. a5 bxa5 39. bxa5 1-0

[Event "POR-chT"]
[Site "Sao Joao da Madeira"]
[Date "2023.07.21"]
[Round "7.1"]
[White "Simoes, Miguel Patricio"]
[Black "Silva, Stephane"]
[Result "1-0"]
[WhiteElo "2042"]
[BlackElo "2006"]
[PlyCount "51"]
[EventDate "2023.07.17"]
[EventType "team-tourn"]
[EventRounds "9"]
[EventCountry "POR"]
[SourceTitle "CBM 215 Extra"]
[Source "ChessBase"]
[SourceDate "2023.09.30"]
[SourceVersion "1"]
[SourceVersionDate "2023.09.30"]
[SourceQuality "1"]
[WhiteTeam "Corvos Do Lis"]
[BlackTeam "Tessera"]
[WhiteTeamCountry "POR"]
[BlackTeamCountry "POR"]

1. e4 b6 2. d4 Bb7 3. Nc3 e6 4. Nf3 Bb4 5. Bd3 Nf6 6. Qe2 d5 7. exd5 Qxd5 8. 0-0 Bxc3 9. bxc3 0-0 10. c4 Qh5 11. Bf4 Rc8 12. Rab1 c5 13. dxc5 Qxc5 14. Rb5 Qe7 15. Rd1 Nbd7 16. Bd6 Qe8 17. Rg5 h6 18. Rg3 Rc6 19. Be5 Nxe5 20. Nxe5 Rcc8 21. Qe3 Kh8 22. Rh3 Kg8 23. g4 Nh7 24. Bxh7+ Kxh7 25. Rd7 f6 26. Qxh6+ 1-0

[Event "POR-chT"]
[Site "Sao Joao da Madeira"]
[Date "2023.07.18"]
[Round "2.3"]
[White "Silva, Stephane"]
[Black "Garrido Outon, Alex"]
[Result "0-1"]
[WhiteElo "2006"]
[BlackElo "2403"]
[PlyCount "90"]
[EventDate "2023.07.17"]
[EventType "team-tourn"]
[EventRounds "9"]
[EventCountry "POR"]
[SourceTitle "CBM 215 Extra"]
[Source "ChessBase"]
[SourceDate "2023.09.30"]
[SourceVersion "1"]
[SourceVersionDate "2023.09.30"]
[SourceQuality "1"]
[WhiteTeam "Tessera"]
[BlackTeam "Montemor o Novo"]
[WhiteTeamCountry "POR"]
[BlackTeamCountry "POR"]

1. e4 c5 2. Nc3 d6 3. f4 g6 4. Nf3 Bg7 5. Bb5+ Bd7 6. a4 Nc6 7. d3 e6 8. e5 a6 9. Bxc6 Bxc6 10. 0-0 Ne7 11. Qe2 Nf5 12. Ne4 0-0 13. Nxd6 Nxd6 14. exd6 Qxd6 15. Ne5 b5 16. Be3 Bb7 17. Qf2 Rfc8 18. axb5 axb5 19. Rxa8 Bxa8 20. d4 c4 21. Ra1 Bd5 22. h3 Qb6 23. Nd7 Qc6 24. Ne5 Qb7 25. Kh2 b4 26. Qe2 Rc7 27. Qf2 h6 28. Qe2 Qb6 29. Kg3 b3 30. c3 Ra7 31. Rxa7 Qxa7 32. Bc1 Qa1 33. Qe3 Qb1 34. Nf3 Bf6 35. Kf2 Qf5 36. Kg3 Be7 37. Kf2 Bd6 38. Kg1 Qc2 39. Ne1 Qf5 40. Nf3 Kg7 41. Nh4 Qh5 42. Nf3 Bxf3 43. Qxf3 Qxf3 44. gxf3 Kf6 45. f5 Kxf5 0-1

[Event "POR-chT3 final"]
[Site "Evora"]
[Date "2019.07.20"]
[Round "2.1"]
[White "Santos, Jose Alves"]
[Black "Silva, Stephane"]
[Result "1-0"]
[WhiteElo "2143"]
[BlackElo "2012"]
[PlyCount "116"]
[EventDate "2019.07.20"]
[EventType "team-tourn"]
[EventRounds "3"]
[EventCountry "POR"]
[SourceTitle "CBM 192 Extra"]
[Source "Chessbase"]
[SourceDate "2019.11.06"]
[SourceVersion "1"]
[SourceVersionDate "2019.11.06"]
[SourceQuality "1"]
[WhiteTeam "Portugal/Atlantidiagonal II"]
[BlackTeam "Tessera"]
[WhiteTeamCountry "POR"]
[BlackTeamCountry "POR"]

1. e4 e6 2. d4 d5 3. Nc3 Bb4 4. e5 c5 5. Bd2 Ne7 6. Nb5 Bxd2+ 7. Qxd2 0-0 8. f4 a6 9. Nd6 cxd4 10. Nf3 Nbc6 11. Nxd4 Nxd4 12. Qxd4 Nc6 13. Qe3 f6 14. 0-0-0 fxe5 15. fxe5 Qc7 16. Bd3 Nb4 17. Qh3 Nxd3+ 18. Rxd3 Bd7 19. Qg4 Qd8 20. Rh3 Qe7 21. Rd1 Be8 22. Rg3 Bg6 23. h4 Rf2 24. Rc3 Raf8 25. g3 Be8 26. b3 Bc6 27. Rdd3 Rf1+ 28. Kb2 Re1 29. Rf3 Rf1 30. Rxf8+ Rxf8 31. Rf3 Rxf3 32. Qxf3 h6 33. Qf4 Kh7 34. Nc8 Qc7 35. Nd6 Qe7 36. Kc3 Kg8 37. Kd2 Qc7 38. c3 Qe7 39. Kc2 Be8 40. Qe3 Bc6 41. Qf2 Be8 42. Kb2 Bc6 43. g4 Be8 44. Qc5 Bc6 45. Qf2 Be8 46. g5 hxg5 47. hxg5 Bg6 48. Qf4 Bh5 49. Kc2 Bg6+ 50. Kd2 Be8 51. Ke3 Bg6 52. Kf3 Be8 53. Kg4 Bc6 54. g6 Be8 55. Qg5 Qxg5+ 56. Kxg5 Bc6 57. Kf4 Kf8 58. Ke3 Ke7 1-0

[Event "POR CupT Associations"]
[Site "Luso"]
[Date "2018.10.21"]
[Round "3.2"]
[White "Silva, Stephane"]
[Black "Veiga, Jose Francisco RP"]
[Result "0-1"]
[WhiteElo "2045"]
[BlackElo "2272"]
[PlyCount "93"]
[EventDate "2018.10.20"]
[EventType "team-tourn"]
[EventRounds "3"]
[EventCountry "POR"]
[SourceTitle "EXT 2024"]
[Source "ChessBase"]
[SourceDate "2023.10.10"]
[SourceVersion "1"]
[SourceVersionDate "2023.10.10"]
[SourceQuality "1"]
[WhiteTeam "Sao Joao da Madeira"]
[BlackTeam "Porto EX"]
[WhiteTeamCountry "POR"]
[BlackTeamCountry "POR"]

1. e4 e5 2. Nf3 Nc6 3. Nc3 Nf6 4. d4 exd4 5. Nxd4 Bb4 6. Nxc6 bxc6 7. Bd3 0-0 8. 0-0 Re8 9. Qf3 d5 10. exd5 cxd5 11. Bg5 c6 12. h3 Rb8 13. Ne2 Be7 14. b3 h6 15. Bf4 Bd6 16. Bxd6 Qxd6 17. Qf4 Qxf4 18. Nxf4 g5 19. Ne2 c5 20. Rfe1 Be6 21. c3 a5 22. Rab1 Ne4 23. f3 Nd6 24. Kf2 f5 25. g3 Kg7 26. h4 Kf6 27. hxg5+ hxg5 28. Rh1 Rh8 29. Kg2 Nf7 30. f4 Rxh1 31. Rxh1 c4 32. Bc2 d4 33. Nxd4 Bd5+ 34. Kg1 Bxh1 35. Kxh1 cxb3 36. axb3 Nd6 37. Kg2 gxf4 38. gxf4 Rc8 39. Ne2 Nb5 40. c4 Na3 41. Bd3 Rd8 42. Nc1 Nc2 43. Kf2 Nb4 44. Ke3 Rh8 45. Be2 Rh1 46. Kd2 Ke6 47. Bd3 0-1

[Event "POR CupT Associations"]
[Site "Bombarral"]
[Date "2015.10.18"]
[Round "3.2"]
[White "Silva, Stephane"]
[Black "Rodrigues, Pedro Filipe Alexan"]
[Result "1/2-1/2"]
[WhiteElo "2114"]
[BlackElo "2017"]
[PlyCount "103"]
[EventDate "2015.10.17"]
[EventType "team-k.o."]
[EventRounds "3"]
[EventCountry "POR"]
[SourceTitle "EXT 2018"]
[Source "ChessBase"]
[SourceDate "2017.10.13"]
[SourceVersion "1"]
[SourceVersionDate "2017.10.13"]
[SourceQuality "1"]
[WhiteTeam "Sao Joao da Madeira"]
[BlackTeam "Bombarral"]
[WhiteTeamCountry "POR"]
[BlackTeamCountry "POR"]

1. e4 c5 2. Nc3 e6 3. f4 d5 4. Bb5+ Nc6 5. Nf3 Nf6 6. e5 Nd7 7. Bxc6 bxc6 8. d3 Be7 9. 0-0 Ba6 10. Re1 0-0 11. b3 Rc8 12. Ne2 Qc7 13. c4 Ra8 14. Be3 Bc8 15. Bf2 f6 16. exf6 Bxf6 17. Rc1 Qa5 18. Qc2 e5 19. fxe5 Nxe5 20. Nxe5 Bxe5 21. cxd5 Bxh2+ 22. Kxh2 Rxf2 23. Qxc5 Qxc5 24. Rxc5 cxd5 25. Kg1 Rf6 26. Nd4 Ba6 27. Rxd5 Bxd3 28. Nf3 Bf5 29. Re7 Kf8 30. Rc7 Be4 31. Rdd7 Bxf3 32. gxf3 Rg6+ 33. Kf2 a6 34. b4 Rb8 35. a3 h5 36. Rb7 Rxb7 37. Rxb7 Rh6 38. Kg3 g5 39. Rc7 Rb6 40. Rc5 Rg6 41. a4 Ke7 42. b5 axb5 43. axb5 Kd7 44. b6 Rxb6 45. Rxg5 Ke7 46. Rxh5 Kf7 47. Rc5 Kf6 48. Kg4 Ra6 49. f4 Kg6 50. Rc8 Ra5 51. Rc6+ Kf7 52. f5 1/2-1/2

[Event "POR-chT"]
[Site "Porto"]
[Date "2015.08.22"]
[Round "9.3"]
[White "Gonzalez Perez, Arian"]
[Black "Silva, Stephane"]
[Result "1-0"]
[WhiteElo "2440"]
[BlackElo "2126"]
[PlyCount "82"]
[EventDate "2015.08.16"]
[EventType "team-tourn"]
[EventRounds "9"]
[EventCountry "POR"]
[SourceTitle "EXT 2016"]
[Source "ChessBase"]
[SourceDate "2015.10.08"]
[SourceVersion "1"]
[SourceVersionDate "2015.10.08"]
[SourceQuality "1"]
[WhiteTeam "Dias Ferreira"]
[BlackTeam "S Joao da Madeira"]
[WhiteTeamCountry "POR"]
[BlackTeamCountry "POR"]

1. e4 d5 2. exd5 Qxd5 3. Nc3 Qa5 4. d4 c6 5. Nf3 Nf6 6. Bc4 Bf5 7. Bd2 e6 8. Nd5 Qd8 9. Nxf6+ gxf6 10. Qe2 Be7 11. 0-0-0 Nd7 12. g3 Qc7 13. Nh4 Bg6 14. Bf4 Bd6 15. Bxd6 Qxd6 16. f4 f5 17. d5 cxd5 18. Rxd5 Qc7 19. Nxf5 0-0-0 20. Ne7+ Kb8 21. Nxg6 hxg6 22. Rd2 Nb6 23. Rxd8+ Rxd8 24. Bd3 a6 25. Re1 Rh8 26. h4 Nd7 27. c3 Nc5 28. Bc2 Rd8 29. Rd1 Rh8 30. Qe3 Kc8 31. Qd4 Rd8 32. Qxd8+ Qxd8 33. Rxd8+ Kxd8 34. g4 Ke7 35. Kd2 f5 36. g5 Nd7 37. Ke3 e5 38. b4 exf4+ 39. Kxf4 Kd6 40. h5 gxh5 41. Bxf5 Kd5 1-0

[Event "POR-chT"]
[Site "Porto"]
[Date "2015.08.20"]
[Round "7.4"]
[White "Silva, Stephane"]
[Black "Diogo, Vasco Andre Marcalo"]
[Result "1/2-1/2"]
[WhiteElo "2126"]
[BlackElo "2240"]
[PlyCount "79"]
[EventDate "2015.08.16"]
[EventType "team-tourn"]
[EventRounds "9"]
[EventCountry "POR"]
[SourceTitle "EXT 2016"]
[Source "ChessBase"]
[SourceDate "2015.10.08"]
[SourceVersion "1"]
[SourceVersionDate "2015.10.08"]
[SourceQuality "1"]
[WhiteTeam "S Joao da Madeira"]
[BlackTeam "Coimbra"]
[WhiteTeamCountry "POR"]
[BlackTeamCountry "POR"]

1. e4 c5 2. d3 Nc6 3. g3 g6 4. Bg2 Bg7 5. f4 d6 6. Nf3 h5 7. 0-0 Bd7 8. c3 Qc8 9. Be3 Nf6 10. Kh1 Bh3 11. Nbd2 Qd7 12. Qe2 b6 13. d4 cxd4 14. cxd4 Bxg2+ 15. Kxg2 d5 16. e5 Ng4 17. Rac1 Rc8 18. h3 Nh6 19. Bf2 0-0 20. a3 Nf5 21. Rc3 f6 22. Rfc1 fxe5 23. fxe5 e6 24. b4 Bh6 25. Qd3 Nfe7 26. Be3 Bxe3 27. Qxe3 Nf5 28. Qd3 Nce7 29. b5 Rxc3 30. Rxc3 Rc8 31. a4 Rc7 32. Kf2 Qc8 33. Nb1 Rc4 34. g4 hxg4 35. hxg4 Nh6 36. Kg3 Nf7 37. Nfd2 Rxc3 38. Qxc3 Qxc3+ 39. Nxc3 g5 40. Nf3 1/2-1/2

[Event "SESI Jogos Mundiais do Trabalhador"]
[Site "Fortaleza"]
[Date "2009.06.20"]
[Round "5.4"]
[White "Silva, Stephane"]
[Black "Topi Hulmi, Teemu"]
[Result "0-1"]
[WhiteElo "2218"]
[BlackElo "2270"]
[PlyCount "84"]
[EventDate "2009.06.17"]
[EventType "swiss"]
[EventRounds "5"]
[EventCountry "BRA"]
[SourceTitle "EXT 2022"]
[Source "ChessBase"]
[SourceDate "2021.10.06"]
[SourceVersion "1"]
[SourceVersionDate "2021.10.06"]
[SourceQuality "1"]

1. e4 c5 2. Nc3 Nc6 3. f4 g6 4. Nf3 Bg7 5. Bb5 Nd4 6. 0-0 a6 7. Bc4 e6 8. d3 Ne7 9. e5 d5 10. exd6 Qxd6 11. Ne4 Qc7 12. c3 Nxf3+ 13. Qxf3 0-0 14. Be3 b5 15. Nxc5 bxc4 16. Qxa8 Nd5 17. Bf2 Qxf4 18. d4 Qd6 19. Bg3 e5 20. Rae1 f6 21. Ne4 Qd7 22. dxe5 f5 23. Nd6 Qe6 24. Qc6 f4 25. Bxf4 Nxf4 26. Nxc8 Rxc8 27. Qxe6+ Nxe6 28. Rd1 Nc5 29. Rd5 Bf8 30. Rf6 Be7 31. Rf1 Nd3 32. b4 Rc6 33. g3 Re6 34. a4 Nxe5 35. b5 axb5 36. Rxb5 Nd3 37. a5 Bc5+ 38. Kg2 Re2+ 39. Kf3 Rxh2 40. Ra1 Rf2+ 41. Ke4 Rf5 42. a6 Nf2# 0-1

[Event "Benidorm op 22nd"]
[Site "Benidorm"]
[Date "2009.04.25"]
[Round "2"]
[White "Halkias, Stelios"]
[Black "Silva, Stephane"]
[Result "1-0"]
[WhiteElo "2566"]
[BlackElo "2218"]
[PlyCount "64"]
[EventDate "2009.04.24"]
[EventType "swiss"]
[EventRounds "10"]
[EventCountry "ESP"]
[SourceTitle "CBM 130 Extra"]
[Source "ChessBase"]
[SourceDate "2009.07.02"]
[SourceVersion "2"]
[SourceVersionDate "2009.07.15"]
[SourceQuality "1"]

1. d4 d5 2. c4 c6 3. Nc3 Nf6 4. Nf3 a6 5. c5 Nbd7 6. Bf4 Nh5 7. g3 g6 8. Qd2 Nxf4 9. gxf4 Bg7 10. e3 0-0 11. h4 f6 12. h5 e5 13. hxg6 hxg6 14. 0-0-0 Rf7 15. Bh3 exd4 16. exd4 Nf8 17. Rdg1 Bxh3 18. Rxh3 Bh8 19. f5 g5 20. Nh2 Rh7 21. Rxh7 Nxh7 22. Ng4 Bg7 23. Ne2 Qd7 24. Ng3 Re8 25. f3 Qc7 26. Nh5 Qf7 27. Qh2 Qe7 28. Nxg7 Qxg7 29. Rh1 Rf8 30. Qd6 Kh8 31. Re1 Qf7 32. Rh1 Ra8 1-0

[Event "Figueira da Foz op 5th"]
[Site "Figueira da Foz"]
[Date "2008.12.07"]
[Round "9"]
[White "Silva, Stephane"]
[Black "Fanha, Paulo Alexandre Mar"]
[Result "1-0"]
[WhiteElo "2210"]
[BlackElo "2023"]
[PlyCount "53"]
[EventDate "2008.11.30"]
[EventType "swiss"]
[EventRounds "9"]
[EventCountry "POR"]
[SourceTitle "CBM 127 Extra"]
[Source "ChessBase"]
[SourceDate "2009.01.08"]
[SourceVersion "2"]
[SourceVersionDate "2009.01.28"]
[SourceQuality "1"]

1. e4 e5 2. Nf3 Nc6 3. d4 exd4 4. Bc4 Nf6 5. e5 Ne4 6. Bd5 Nc5 7. 0-0 Ne6 8. Re1 Be7 9. Nbd2 Nb4 10. Bc4 d5 11. exd6 Qxd6 12. Ne4 Qd8 13. Bxe6 Bxe6 14. Nxd4 Bc8 15. c3 Nd5 16. c4 Nb6 17. Bf4 a6 18. Qe2 0-0 19. Rad1 Bd7 20. Nf5 Bb4 21. c5 Bxe1 22. cxb6 cxb6 23. Rxd7 Qxd7 24. Nf6+ Kh8 25. Nxd7 Rfe8 26. Be3 Rad8 27. Qg4 1-0

[Event "Sao Joao da Madeira op"]
[Site "Sao Joao da Madeira"]
[Date "2003.??.??"]
[Round "3"]
[White "Silva, Stephane"]
[Black "Vasconcelos, Paulo"]
[Result "1-0"]
[WhiteElo "2172"]
[BlackElo "2102"]
[PlyCount "91"]
[EventDate "2003.10.??"]
[EventType "swiss"]
[EventRounds "7"]
[EventCountry "POR"]
[SourceTitle "EXT 2005"]
[Source "ChessBase"]
[SourceDate "2004.11.15"]
[SourceVersion "1"]
[SourceVersionDate "2004.11.15"]
[SourceQuality "1"]

1. e4 c6 2. d4 d5 3. f3 dxe4 4. fxe4 e5 5. Nf3 exd4 6. Bc4 Be6 7. Bxe6 fxe6 8. 0-0 Be7 9. Nxd4 Qd6 10. Bf4 e5 11. Qh5+ Qg6 12. Qxg6+ hxg6 13. Bxe5 Nd7 14. Bxg7 Rh7 15. Ne6 Nc5 16. Nc7+ Kd8 17. Be5 Rc8 18. Rd1+ Nd7 19. Ne6+ Ke8 20. Bd4 c5 21. Bc3 Rh5 22. Nd2 Ngf6 23. Re1 b5 24. b3 c4 25. bxc4 bxc4 26. Rab1 Nb6 27. Bxf6 Bxf6 28. Nf3 Rh7 29. Nf4 g5 30. Nd5 Bd8 31. h3 Rg7 32. Ne3 Be7 33. g4 Bc5 34. Kg2 Bd6 35. Nf5 Rd7 36. Nxg5 Bf4 37. Nf3 c3 38. Rbd1 Bd2 39. Re2 Nc4 40. e5 Nb2 41. Nd6+ Kf8 42. Rf1 Rxd6 43. Nxd2+ Kg8 44. exd6 cxd2 45. Rxd2 Nc4 46. d7 1-0

[Event "Sao Joao da Madeira"]
[Site "Sao Joao da Madeira"]
[Date "2001.10.10"]
[Round "6.4"]
[White "Silva, Stephane"]
[Black "Viela, Marco Antonio Folha"]
[Result "1/2-1/2"]
[WhiteElo "2155"]
[BlackElo "2000"]
[PlyCount "49"]
[EventDate "2001.10.05"]
[EventType "tourn"]
[EventRounds "9"]
[EventCountry "POR"]
[SourceTitle "CBM 085 Extra"]
[Source "ChessBase"]
[SourceDate "2002.01.21"]
[SourceVersion "1"]
[SourceVersionDate "2002.01.21"]
[SourceQuality "1"]

1. e4 Nf6 2. Nc3 d5 3. exd5 Nxd5 4. Bc4 c6 5. Qf3 Be6 6. Nge2 Nc7 7. Bxe6 Nxe6 8. 0-0 g6 9. Rd1 Nd7 10. d4 Nf6 11. d5 cxd5 12. Nxd5 Nxd5 13. Rxd5 Qc7 14. Bd2 Bg7 15. Bc3 0-0 16. Rad1 Rfd8 17. g3 Rxd5 18. Rxd5 Rd8 19. Rxd8+ Qxd8 20. Bxg7 Kxg7 21. Nf4 Nxf4 22. Qxf4 Qd1+ 23. Kg2 Qd5+ 24. Kg1 Qd1+ 25. Kg2 1/2-1/2

[Event "Sao Joao da Madeira"]
[Site "Sao Joao da Madeira"]
[Date "2001.10.09"]
[Round "5.2"]
[White "Araujo, Jose Verissimo"]
[Black "Silva, Stephane"]
[Result "1/2-1/2"]
[WhiteElo "2097"]
[BlackElo "2155"]
[PlyCount "41"]
[EventDate "2001.10.05"]
[EventType "tourn"]
[EventRounds "9"]
[EventCountry "POR"]
[SourceTitle "CBM 085 Extra"]
[Source "ChessBase"]
[SourceDate "2002.01.21"]
[SourceVersion "1"]
[SourceVersionDate "2002.01.21"]
[SourceQuality "1"]

1. Nc3 d5 2. e4 dxe4 3. Nxe4 Qd5 4. Qf3 Nc6 5. d3 e5 6. Bd2 Nd4 7. Qd1 Bf5 8. Nc3 Qc6 9. Nf3 0-0-0 10. Be2 Nxe2 11. Qxe2 f6 12. 0-0-0 Ne7 13. Kb1 Nd5 14. Nxd5 Rxd5 15. Nh4 Be6 16. b3 g5 17. Nf3 Bc5 18. Bc1 Bf7 19. Nd2 h5 20. h4 g4 21. f3 1/2-1/2

[Event "Sao Joao da Madeira"]
[Site "Sao Joao da Madeira"]
[Date "2001.10.07"]
[Round "3.1"]
[White "Silva, Stephane"]
[Black "Vasconcelos, Paulo"]
[Result "1-0"]
[WhiteElo "2155"]
[BlackElo "2100"]
[PlyCount "79"]
[EventDate "2001.10.05"]
[EventType "tourn"]
[EventRounds "9"]
[EventCountry "POR"]
[SourceTitle "CBM 085 Extra"]
[Source "ChessBase"]
[SourceDate "2002.01.21"]
[SourceVersion "1"]
[SourceVersionDate "2002.01.21"]
[SourceQuality "1"]

1. e4 c5 2. Nf3 d6 3. d4 cxd4 4. Nxd4 Nf6 5. Nc3 g6 6. Be3 Bg7 7. f3 0-0 8. Qd2 Nc6 9. g4 Be6 10. 0-0-0 Ne5 11. g5 Nh5 12. Kb1 Bc4 13. Bh3 Ba6 14. b3 e6 15. f4 Nc6 16. f5 Bxd4 17. Bxd4 Nxd4 18. Qxd4 exf5 19. exf5 Qxg5 20. fxg6 hxg6 21. Nd5 Qe5 22. Qf2 Kg7 23. Rhe1 Qg5 24. Qd4+ Kh6 25. Nc7 Rad8 26. Nxa6 bxa6 27. Qxa7 a5 28. a4 Nf4 29. Bf1 Ne6 30. Bb5 Ra8 31. Qb6 d5 32. h4 Qg3 33. Qb7 Rad8 34. Qe7 d4 35. h5 Qc7 36. Rxe6 Qc3 37. Rc6 Qf3 38. Rf1 Qd5 39. hxg6 Kh5 40. Be2+ 1-0

[Event "Sao Joao da Madeira"]
[Site "Sao Joao da Madeira"]
[Date "2001.10.05"]
[Round "1.2"]
[White "Silva, Stephane"]
[Black "Silva, Albino"]
[Result "1-0"]
[WhiteElo "2155"]
[BlackElo "2000"]
[PlyCount "55"]
[EventDate "2001.10.05"]
[EventType "tourn"]
[EventRounds "9"]
[EventCountry "POR"]
[SourceTitle "CBM 085 Extra"]
[Source "ChessBase"]
[SourceDate "2002.01.21"]
[SourceVersion "1"]
[SourceVersionDate "2002.01.21"]
[SourceQuality "1"]

1. e4 c5 2. Nf3 Nc6 3. d4 cxd4 4. Nxd4 d6 5. Nc3 Nf6 6. Be2 g6 7. Be3 Bg7 8. Qd2 0-0 9. h4 h5 10. 0-0-0 Bd7 11. f3 Nxd4 12. Bxd4 Bc6 13. Nd5 Kh7 14. Nxf6+ exf6 15. Be3 Re8 16. Bc4 Re7 17. Bd5 Rc7 18. Kb1 b6 19. g4 Qh8 20. gxh5 Bxd5 21. hxg6+ fxg6 22. Qxd5 Rd8 23. h5 g5 24. Qf5+ Kg8 25. h6 Kf8 26. Bxg5 Rc5 27. hxg7+ Qxg7 28. Bh6 1-0